| 000 | 00720nam a2200181Ia 4500 | ||
|---|---|---|---|
| 008 | 090630s9999 xx 000 0 und d | ||
| 082 | _b16940 | ||
| 100 | _aढवळे वि. ना. | ||
| 245 |
_aसाहित्याचे नवीन भाषा तत्वज्ञान. _cढवळे वि. ना. |
||
| 260 | _bकॉन्टीनेंटल. | ||
| 300 | _a0 | ||
| 600 | _aढवळे वि. ना. | ||
| 630 | _aसाहित्याचे नवीन भाषा तत्वज्ञान. | ||
| 655 | _aइतर. | ||
| 700 | _aढवळे वि. ना. | ||
| 730 | _aसाहित्याचे नवीन भाषा तत्वज्ञान. | ||
| 942 | _cBOOK | ||
| 999 |
_c268796 _d268796 |
||